Sovereign Countries without UN Member Status - Statistics

General Stats
  • This quiz has been taken 473 times
  • The average score is 10 of 12
Answer Stats
U.N. Status Sovereignty Status State % Correct
General Assembly observer Partially unrecognized; occupied by Israel Palestine
96%
Former member, currently no membership Partially unrecognized; Claimed by China Taiwan
96%
Member of two special agencies Claimed by Serbia Kosovo
95%
No membership Claimed and occupied by Morocco Western Sahara
92%
No membership Claimed by Somalia Somaliland
89%
No membership Claimed by Cyprus; occupied by Turkey Northern Cyprus
81%
No membership Claimed by Moldova; occupied by Russia Transnistria
77%
No membership Claimed by Georgia; occupied by Russia South Ossetia
74%
General Assembly observer Chooses not to join as a member Vatican City
69%
No membership Claimed by Georgia; occupied by Russia Abkhazia
68%
Member of five special agencies Falls under the Realm of New Zealand Niue
59%
Member of eight special agencies Falls under the Realm of New Zealand Cook Islands
57%
No matching quizzes found
Score Distribution
Percent of People with Each Score
Percentile by Number Answered
Your Score History
You have not taken this quiz